000 00268nam a2200109Ia 4500
001 588904
005 20250717120839.0
008 250717s9999 xx 000 0 und d
245 0 _aY-7 KURTUBALI LÜBNA
_cELİF AKARDAŞ
260 _bERDEM YAYINLARI
_c2020
300 _b95
999 _c588904
_d588904